Histoire d'un prénom #3 Zoé - Statistiques

Statistiques générales
  • Ce quiz a été pris 25 fois
  • Le résultat moyen est 4 sur 15
Statistiques - réponses
Indice Réponse % Correct
Caractéristique principale de la Renault Zoe Electrique
68%
Origine de ce prénom Grecque
68%
Signification Vie
68%
Cette Zoë américaine est actrice et chanteuse, son père est un célèbre musicien et chanteur qui lui a consacré sa chanson "Flowers for Zoë" Zoé Kravitz
50%
Association française condamnée pour des affaires d'adoption d'enfants en Afrique L'{Arche} de Zoé
41%
On trouve une Zoé dans la ceinture de Kuiper. De quoi s'agit-il ? Du satellite d'un astéroïde
32%
Quand il s'agit d'un nom commun, qu'est-ce qu'une zoé (photo) ? Une larve de crabe
18%
Compagnon de Zoé dans une vieille et célèbre bande dessinée {Arthur} et Zoé
14%
Pays d'origine de la tribu indigène Zo'é, découverte dans les années 1970 et actuellement menacée d'extinction Brésil
14%
Trouvez la ville d'origine de l'une des trois saintes Zoé Antalya | Césarée | Rome
9%
Zoé est le calque linguistique de ce prénom répandu, qui a le même sens en araméen (3 lettres) Eve
5%
Le CEA a eu aussi sa Zoé ! De quoi s'agissait-il ? Une {pile} atomique
5%
Autrice cubaine exilée en France Zoé Valdes
5%
Où une Zoé française devient-elle un Zebra anglais ? Dans l'alphabet radio
0%
Cette Zoé-là, maîtresse de Louis XVIII, porte le nom d'un autre personnage de BD. On ne sait pas si elle aimait particulièrement la bibine Zoé Talon
0%
Aucun quiz correspondant
Distribution des résultats
% des personnes avec chaque résultat
Percentile par nombre de réponses
Votre historique - résultats
Vous n’avez pas pris ce quiz